Molecular cloning, characterisation and expression of short x-neurotoxin genes in naja naja sputatrix /
Saved in:
| Main Author: | |
|---|---|
| Format: | Thesis Book |
| Language: | English |
| Published: |
1999.
|
| Subjects: | |
| Tags: |
Add Tag
No Tags, Be the first to tag this record!
|
| LEADER | 00869cam a2200241 a 4500 | ||
|---|---|---|---|
| 001 | u451027 | ||
| 003 | SIRSI | ||
| 008 | 981217s1999 si v 0 eng | ||
| 035 | |a ACI-8504 | ||
| 040 | |a UMP | ||
| 096 | |a WD410 |b Fata 1999 | ||
| 100 | 0 | |a Fatemeh Afifiyan. | |
| 245 | 1 | 0 | |a Molecular cloning, characterisation and expression of short x-neurotoxin genes in naja naja sputatrix / |c Fatemeh Afifiyan. |
| 260 | 0 | |c 1999. | |
| 300 | |a xvii, 313 leaves : |b ill. ; |c 30 cm. | ||
| 500 | |a A thesis submitted for the degree of doctor of philosophy. | ||
| 502 | |a Thesis (Ph.D) - Department of Biochemistry, National University of Singapore, 1999. | ||
| 504 | |a Bibliography : p. 277-302 | ||
| 650 | 2 | |a Snake Venoms. | |
| 650 | 2 | |a Cobra Venoms. | |
| 948 | |a 08/02/2000 |b 15/05/2000 | ||
| 596 | |a 2 | ||
| 999 | |a WD410 FATA 1999 |w NLM |c 1 |i A502789031 |l STACKS |m P02MEDKL |r Y |s Y |t TESIS |u 25/5/2000 | ||
